| 000 | 00666nmm a2200265 a 4500 | ||
|---|---|---|---|
| 003 | AR-BaBNM | ||
| 005 | 20251128211505.0 | ||
| 008 | 304020s2000 ||||||||||||||000 | spa|| | ||
| 020 | _a987-9328-06-X | ||
| 040 | _cAR-BaBNM | ||
| 100 | 1 | _aCazés, Marta P. G. de | |
| 245 | 1 | 0 |
_aDéjame ser _bselección de textos |
| 260 |
_aBuenos Aires _bHLR _c2000 |
||
| 300 |
_a127 p. _bil. |
||
| 650 | 4 | _aCUENTOS | |
| 650 | 4 | _aPOESIAS | |
| 650 | 4 | _aLIBROS PARA NINOS | |
| 650 | 4 | _aLITERATURA ARGENTINA | |
| 653 | _aLITERATURA JUVENIL | ||
| 655 | _aLITERATURA | ||
| 700 | 1 | _aRodríguez, Hugo Luis | |
| 700 | 1 | _aNadaf, Luis Jorge | |
| 942 | _cBK | ||
| 998 | _cEugenia | ||
| 999 |
_c19877 _d19877 |
||